000 03093cam a2200325 4500500
005 20260301002519.0
041 _afre
042 _adc
100 1 0 _aIdelson, Bernard
_eauthor
700 1 0 _aMolinatti, Grégoire
_eauthor
245 0 0 _aDepuis l’océan Indien : 30 ans d’explorations de nouvelles frontières de recherche aux interfaces des sciences et du social
260 _c2023.
500 _a12
520 _aL’article propose d’observer les déplacements de frontières symboliques et matérielles à partir d’explorations scientifiques opérées par des chercheurs en littérature et en sciences humaines et sociales depuis l’université de La Réunion. Mobilisant le concept d’objet frontière, nous questionnons la circulation des discours sociaux se rapportant à ces explorations. L’enquête repose sur une recension bibliographique des productions confrontée à des entretiens avec des chercheurs. Elle introduit une réflexion épistémologique sur l’émergence de la notion de Indianocéanie et sur certaines de ses médiations. Les travaux des chercheurs, productions « situées », et souvent circonscrites à des espaces insulaires dans le sud-ouest de l’océan Indien, revisitent, voire bousculent à la marge, des paradigmes théoriques européanocentrés. Ces travaux traduisent les interactions entre les sphères académiques de recherche et les sphères institutionnelles et politiques, que nous analysons en particulier à travers les cartographies qu’elles produisent.
520 _a‪This article proposes to analyze the shifts of symbolic and material borders, based on scientific explorations carried out by researchers in humanities from the University of Reunion Island. Mobilizing the boundary object concept, it historicizes these explorations and questions the circulation of related social discourses. The inquiry is based on a bibliographic recension of the scientific productions, confronted with interviews with researchers from the UR. Finally, it allows to an epistemological reflection on the emergence of the idea of Indianoceania and on some examples of its mediations. The work of scientists, as situated knowledge, and circumscribed to island areas in the southwest of the Indian Ocean, redefine and sometimes upset European-centered theoretical paradigms. Focusing on the cartographic products, we analyse the interactions between the academic sphere and the economical and political spheres.‪
690 _aexplorations scientifiques
690 _aIndianocéanie
690 _amédiations
690 _aobjet frontière
690 _aocéan Indien
690 _auniversité de La Réunion
690 _aboundary object
690 _aIndian Ocean
690 _aIndianoceania
690 _amediations
690 _ascientific explorations
690 _aUniversity of Reunion Island
786 0 _nQuestions de communication | 42 | 2 | 2023-03-13 | p. 73-96 | 1633-5961
856 4 1 _uhttps://shs.cairn.info/revue-questions-de-communication-2022-2-page-73?lang=fr&redirect-ssocas=7080
999 _c1675163
_d1675163